Fault finding & diagnosis
Saved in:
| Main Author: | |
|---|---|
| Other Authors: | |
| Format: | Book |
| Language: | Undetermined |
| Published: |
Andover
Cengage Learning
|
| Subjects: | |
| Online Access: | http://lrc.tdmu.edu.vn/opac/search/detail.asp?aID=2&ID=25545 |
| Tags: |
Add Tag
No Tags, Be the first to tag this record!
|
| Institutions: | Trung tâm Học liệu Trường Đại học Thủ Dầu Một |
|---|
| LEADER | 00661nam a2200181Ia 4500 | ||
|---|---|---|---|
| 001 | TDMU_25545 | ||
| 008 | 210410s9999 xx 000 0 und d | ||
| 082 | |a 621.31924 | ||
| 090 | |b D435 | ||
| 100 | |a Doughton, Malcolm | ||
| 245 | 0 | |a Fault finding & diagnosis | |
| 260 | |a Andover | ||
| 260 | |b Cengage Learning | ||
| 300 | |a ix, 140 p. | ||
| 650 | |a Electric wiring, Interior; Electric apparatus and application; Thiết bị điện |x Cài đặt; Dây điện, nội thất | ||
| 700 | |a Hooper, John | ||
| 856 | |u http://lrc.tdmu.edu.vn/opac/search/detail.asp?aID=2&ID=25545 | ||
| 980 | |a Trung tâm Học liệu Trường Đại học Thủ Dầu Một | ||